| 000 | 01299nam a2200373 i 4500 | ||
|---|---|---|---|
| 001 | 18045 | ||
| 003 | KOSZ 005 | ||
| 005 | 20210118145747.0 | ||
| 008 | 961010s1978 nl a f |000 0 mul d | ||
| 020 | _a0444998098 | ||
| 040 |
_cKOSZ 005 _aKOSZ 005 _dKOSZ 005/HR |
||
| 041 | _apol | ||
| 046 | _k1978 | ||
| 080 | _a665.5.014 | ||
| 080 | _a(03) | ||
| 100 | 1 |
_aCarrière, Gerardus _eAutor |
|
| 245 | 0 |
_aDictionary of surface active agents cosmetics and toiletries : _bEnglish, French, German, Spanish, Italian, Dutch, Polish / _cby G. Carriere ; [the Polish equivalents and definitions have been added by P. Kikolski]. |
|
| 260 |
_aAmsterdam : _bElsevier, _c1978. |
||
| 300 |
_a198 s. ; _c22 cm. |
||
| 336 |
_2rdacontent _aTekst _btxt |
||
| 337 |
_2rdamedia _aBez urządzenia pośedniczącego _bn |
||
| 338 |
_2rdacarrier _aWolumin _bnc |
||
| 380 | _aKsiążki | ||
| 380 | _aPublikacje informacyjne | ||
| 388 | _a1901-2000 | ||
| 650 | 7 | _aKosmetyki | |
| 650 | 7 | _aZwiązki powierzchniowo czynne | |
| 650 | 7 | _aTerminologia | |
| 655 | _aSłownik wielojęzyczny | ||
| 658 | _aChemia | ||
| 710 | 2 | _aElsevier | |
| 856 |
_uhttp://koha.tu.koszalin.pl/cgi-bin/koha/opac-detail.pl?biblionumber=18045 _yKatalog online BPK |
||
| 942 |
_cKS _2UKD |
||
| 999 |
_c18045 _d18045 |
||